Gemeinden von Imst - Statistiken

Allgemein
  • Dieses Quiz wurde 495 mal gespielt
  • Das Durchschnittsergebnis liegt bei 16 aus 24
Antworten auf der Karte
Die Antworten werden auf der Karte rot bzw. grün angezeigt, abhängig davon wie oft sie richtig erraten wurden.
 
Antwortstatistiken
Einwohner Gemeinde % Korrekt
10.882 Imst
99%
2.955 Sölden
90%
4.780 Längenfeld
76%
2.335 Oetz
74%
3.828 Mieming
73%
3.379 Umhausen
72%
4.770 Haiming
71%
1.388 St. Leonhard im Pitztal
69%
3.140 Arzl im Pitztal
68%
794 Imsterberg
68%
2.156 Nassereith
68%
1.556 Stams
68%
2.570 Silz
65%
2.777 Tarrenz
65%
2.450 Rietz
63%
1.877 Roppen
63%
1.308 Mötz
62%
610 Mils bei Imst
61%
1.404 Obsteig
60%
1.640 Sautens
60%
686 Karrösten
59%
612 Karres
58%
2.081 Wenns
54%
944 Jerzens
53%
Keine übereinstimmenden Quizze gefunden
Verteilung der Resultate
Anzahl Personen mit jedem Resultat
Perzentil nach korrekt beantworteten Fragen
Ihre Resultats-Entwicklung
Sie haben dieses Quiz noch nicht gespielt